Normal view
MARC view
Entry Personal Name
001 - CONTROL NUMBER
- control field: 9740
003 - CONTROL NUMBER IDENTIFIER
- control field: BD-RjUL
005 - DATE AND TIME OF LATEST TRANSACTION
- control field: 20231026103243.0
008 - FIXED-LENGTH DATA ELEMENTS
- fixed length control field: 231026|| aca||aabn | a|a d
040 ## - CATALOGING SOURCE
- Original cataloging agency: BD-RjUL
- Transcribing agency: BD-RjUL
100 ## - HEADING--PERSONAL NAME
- Personal name: তালুকদার, সিদ্ধার্থ শন্কর, গবেষণা তত্ত্বাবধায়ক
670 ## - SOURCE DATA FOUND
- Source citation: Work cat.: (BD-RjUL)82180: সাহানাজ 9737, বাংলাদেশের বিমূর্ত চিত্রকলা চর্চায় শিল্পী মোহাম্মদ কিবরিয়া ও কাজী আবদুল বাসেত /, ২০২০